Post-Ottoman Coexistence (Record no. 351434)
[ view plain ]
| 000 -LEADER | |
|---|---|
| fixed length control field | 00599nam a2200133Ia 4500 |
| 008 - FIXED-LENGTH DATA ELEMENTS--GENERAL INFORMATION | |
| fixed length control field | 171212s9999 xx 000 0 und d |
| 020 ## - INTERNATIONAL STANDARD BOOK NUMBER | |
| International Standard Book Number | 9781785331244 |
| 245 ## - TITLE STATEMENT | |
| Statement of responsibility, etc | editor Bryant, Rebecca |
| Title | Post-Ottoman Coexistence |
| Remainder of title | Sharing Space in the Shadow of Conflict |
| 260 ## - PUBLICATION, DISTRIBUTION, ETC. (IMPRINT) | |
| Name of publisher, distributor, etc | Berghahn Books |
| Date of publication, distribution, etc | 2016 |
| 440 ## - SERIES STATEMENT/ADDED ENTRY--TITLE | |
| Title | Space and Place |
| 650 ## - SUBJECT ADDED ENTRY--TOPICAL TERM | |
| Topical term or geographic name as entry element | Sociology |
| 650 ## - SUBJECT ADDED ENTRY--TOPICAL TERM | |
| Topical term or geographic name as entry element | Turkey -- Social conditions -- 20th century; Turkey -- Social conditions -- 21st century; Middle East -- Social conditions -- 20th century; Middle East -- Social conditions -- 21st century |
| 856 ## - ELECTRONIC LOCATION AND ACCESS | |
| Uniform Resource Identifier | <a href="http://jstor.org/stable/j.ctt1kgqw2h">http://jstor.org/stable/j.ctt1kgqw2h</a> |
| Withdrawn status | Lost status | Damaged status | Home library | Current library | Date acquired | Total Checkouts | Full call number | Date last seen | Price effective from | Koha item type |
|---|---|---|---|---|---|---|---|---|---|---|
| College Library | College Library | 12/12/2017 | HN 656.5.A8 .P67 2016 | 12/12/2017 | 12/12/2017 | Curriculum - Based eBooks |